Central Library OPAC University of Rajshahi

Nonparametrics : (Record no. 69618)

MARC details
000 -LEADER
fixed length control field 00941nam a2200265 a 4500
001 - CONTROL NUMBER
control field 69618
003 - CONTROL NUMBER IDENTIFIER
rucl marc code BD-RjUL
005 - DATE AND TIME OF LATEST TRANSACTION
control field 20211209081916.0
008 - FIXED-LENGTH DATA ELEMENTS--GENERAL INFORMATION
fixed length control field 170412s1975 caua b 001 0 eng
020 ## - INTERNATIONAL STANDARD BOOK NUMBER
International Standard Book Number 0816249966
035 ## - SYSTEM CONTROL NUMBER
System control number (BD-RjUL)69830
040 ## - CATALOGING SOURCE
Original cataloging agency DLC
Transcribing agency DLC
Modifying agency DLC
-- BD-RjUL
Language of cataloging eng
041 ## - LANGUAGE CODE
Language code of text/sound track or separate title eng
082 00 - DEWEY DECIMAL CLASSIFICATION NUMBER
Classification number 519.5
Edition number 23
Author mark and year LEN 1975
100 1# - MAIN ENTRY--PERSONAL NAME
Personal name Lehmann, E. L.
Fuller form of name (Erich Leo),
Dates associated with a name 1917-
9 (RLIN) 156564
245 10 - TITLE STATEMENT
Title Nonparametrics :
Remainder of title statistical methods based on ranks /
Statement of responsibility, etc. E. L. Lehmann, with the special assistance of H. J. M. D'Abrera.
260 ## - PUBLICATION, DISTRIBUTION, ETC. (IMPRINT)
Place of publication, distribution, etc. San Francisco :
Name of publisher, distributor, etc. Holden-Day,
Date of publication, distribution, etc. c1975.
300 ## - PHYSICAL DESCRIPTION
Pagination xvi, 457 p. :
Illustrations ill. ;
Size 24 cm.
490 0# - SERIES STATEMENT
Series statement Holden-Day series in probability and statistics
504 ## - BIBLIOGRAPHY, ETC. NOTE
Bibliography, etc Includes bibliographies and index.
650 #0 - SUBJECT ADDED ENTRY--TOPICAL TERM
Topical term or geographic name as entry element Nonparametric statistics.
9 (RLIN) 146817
700 1# - ADDED ENTRY--PERSONAL NAME
Personal name D'Abrera, H. J. M.,
Relator term joint author.
856 ## - ELECTRONIC LOCATION AND ACCESS
Materials specified Holden-Day series in probability and statistics
942 ## - ADDED ENTRY ELEMENTS (KOHA)
Source of classification or shelving scheme Dewey Decimal Classification
Koha item type Books
Holdings
Lost status Source of classification or shelving scheme Damaged status Not for loan Collection code Permanent Location Current Location Shelving location Date acquired Source of acquisition Cost, normal purchase price Total Checkouts Full call number Date last seen Copy number Koha item type
  Dewey Decimal Classification   Not For Loan Non-fiction Central Library, University of Rajshahi Central Library, University of Rajshahi Reading Room 06/10/1982 Heffers. 19.95   519.5 LEN 1975 12/04/2017 C-1 Books